Sports Quiz

Random Sports Quiz

Miami Dolphin QB's Post-Marino Quiz Stats

Quiz not verified by Sporcle

Challenge
Share
Tweet
Score 0/0 Timer 00:00
0 Plays Today
% Correct
Chad Henne
91%
Chad Pennington
87.7%
Jay Fiedler
83.8%
Daunte Culpepper
77%
Cleo Lemon
66.5%
Trent Green
56%
AJ Feeley
54.4%
Tyler Thigpen
54.4%
% Correct
John Beck
50.3%
Joey Harrington
49.9%
Ray Lucas
48.9%
Brian Griese
48.4%
Sage Rosenfels
40.1%
Damon Huard
39.7%
Gus Frerotte
34.5%

You're not logged in!

Compare scores with friends on all Sporcle quizzes.
Sign Up with Email
OR
Log In

You Might Also Like...

Show Comments

Extras

Top Quizzes Today


Score Distribution

Your Account Isn't Verified!

In order to create a playlist on Sporcle, you need to verify the email address you used during registration. Go to your Sporcle Settings to finish the process.

Report this User

Report this user for behavior that violates our Community Guidelines.

Details: